| 000 | 00726nam a2200217 i 4500 | ||
|---|---|---|---|
| 001 | 105958 | ||
| 003 | ES-MaACL | ||
| 005 | 20231229062525.0 | ||
| 007 | t| | ||
| 008 | 060914s1936 sp |||| | spa d | ||
| 080 | _a821.134.2-4"19" | ||
| 100 | 1 |
_aOrtega y Gasset, José, _d1883-1955 _987503 |
|
| 245 | 1 | 0 |
_aNotas / _cJosé Ortega y Gasset. |
| 260 |
_aMadrid : _bEspasa-Calpe, _c1936. |
||
| 300 |
_a195 p. ; _c16 cm. |
||
| 490 | 1 |
_aColección universal ; _v1.001-1.002 |
|
| 830 | 0 |
_aColección universal ; _v1.001-1.002 _9181688 |
|
| 852 |
_aES-MaACL _jAND-968 _z. - Biblioteca Juan Andrade |
||
| 852 |
_aES-MaACL _jL-32273 _z. - Donat. herederos de la bibl. de Mª del Pilar Costa Palacín |
||
| 999 |
_c105958 _d105958 |
||